00449nam a2200169Ia 4500008004100000041001200041082001900053100001700072245004500089365000700134520001200141546001200153630004500165650001200210655001200222730004500234101110s9999 xx 000 0 und d aENGLISH bSR7526a954.03 aChhabra G.S. aAdvance in the History Vol.I 1707, 1813 b30 aHistory aENGLISH aAdvance in the History Vol.I 1707, 1813 aHistory aHistory aAdvance in the History Vol.I 1707, 1813